| 000 | 00503nam a22002057a 4500 | ||
|---|---|---|---|
| 003 | OSt | ||
| 005 | 20140310181716.0 | ||
| 008 | 130122t xxu||||| |||| 00| 0 eng d | ||
| 020 | _a0844253022 | ||
| 050 |
_a PN4181 . _bW85 1995 |
||
| 082 | _aPN4181 . | ||
| 245 |
_aStrategic debate _cWood, Roy V. |
||
| 260 |
_aLincolnwood, Ill. _bNTC Publishing Group _c1995 |
||
| 300 |
_a421 p. _c24 cm |
||
| 521 | _aGrade 9 | ||
| 526 | _c960L-to-1110L | ||
| 541 | _j1 | ||
| 562 | _e1 | ||
| 942 |
_2lcc _cBK _kHS |
||
| 999 |
_c1781 _d1781 |
||